Bitácora Educativa Cusqueña : (Record no. 23112)

000 -CABECERA
fixed length control field 01285nam a22002417i 4500
003 - IDENTIFICADOR DEL NÚMERO DE CONTROL
control field AR-CdUCM
008 - DATOS DE LONGITUD FIJA--INFORMACIÓN GENERAL
fixed length control field 241108b20222022 pe||||| |||| 00| 0 spa d
040 ## - FUENTE DE LA CATALOGACIÓN
Agencia/entidad que catalogó originalmente la obra MUNICIPALIDAD PROVINCIAL DEL CUSCO
Entidad que transcribió la catalogación BIBLIOTECA MUNICIPAL DEL CUSCO
082 ## - NÚMERO DE LA CLASIFICACIÓN DECIMAL DEWEY
No. de Clasificación 370.98561 / B96
Notacion interna B96
100 ## - ENTRADA PRINCIPAL--NOMBRE DE PERSONA
Nombre Personal Bustos Aparicio, Heriberto
245 ## - MENCIÓN DE TÍTULO
Título Bitácora Educativa Cusqueña :
Resto del título Entre el anclaje y la deriva (1962 - 2022) /
260 ## - PUBLICACIÓN, DISTRIBUCIÓN, ETC.
Lugar de publicación, distribución, etc. Cusco :
Nombre de la editorial, distribuidor, etc. Editorial Offset Mercantil EIRL.
Fecha de publicación, distribución, etc. 2022
300 ## - DESCRIPCIÓN FÍSICA
Nº de Páginas Extensión 278 páginas. :
Dimensiones 21.5 cm
500 ## - NOTA GENERAL
Bibliografía Bibliografía: páginas 275 - 278
505 ## - NOTA DE CONTENIDO CON FORMATO
Nota de contenido formateada Desde el incanato a la república: Breve revisión de la educación -- Discurrir administrativo y pedagógico entre los años 1971-1980 -- Discurrir administrativo y pedagógico entre lo años 1981-1990 -- Discurrir administrativo y pedagógico entre los años 1991-2000 -- Reordenamiento educativo 2001- 2010 -- Abriendo la puertas al desorden educativo 2011- 2020 -- Encuentros y desencuentros entre educación y políticas regionales -- Prospectiva de la educación cusqueña.
650 ## - PUNTO DE ACCESO ADICIONAL DE MATERIA--TÉRMINO DE MATERIA
Descriptor Educación
9 (RLIN) 460
650 ## - PUNTO DE ACCESO ADICIONAL DE MATERIA--TÉRMINO DE MATERIA
Descriptor Situación política
9 (RLIN) 50779
650 ## - PUNTO DE ACCESO ADICIONAL DE MATERIA--TÉRMINO DE MATERIA
Descriptor Educación cusqueña
9 (RLIN) 50780
650 ## - PUNTO DE ACCESO ADICIONAL DE MATERIA--TÉRMINO DE MATERIA
Descriptor Pedagogía
9 (RLIN) 1560
942 ## - ELEMENTOS DE PUNTO DE ACCESO ADICIONAL (KOHA)
Fuente de clasificación
Tipo de item Libros-BMC
945 ## - PROCESAMIENTO DE INFORMACIÓN LOCAL (OCLC)
Catalogador pbj
AAAA-MM-DD - Fecha de ingreso o modificacion 08-11-2024
Holdings
Estado de retiro (separado) Fuente de clasificación o esquema de estanterías Estado dañado Ubicación Sala donde se ubica Nombre de la colección Fecha de adquisición o compra Fuente de adquisición Costo, precio normal en soles Signatura topográfica Código de Barras Última vez visto (Koha) Tipo de ítem (Koha)
No     Sala Humanidades Sala Humanidades Book Cart 2024-11-08 Donación 20.00 370.98561 / B96 SH0000016843 2024-11-08 Libros-BMC

Powered by Koha